01018nam a2200205 a 450000100100000000500170001000800410002704000250006810000490009324501180014226001490026030000280040949000460043750000210048350400730050471000600057783000530063795201050069099900170079500004104420201002034557.0130913s2003 sp 001 0 spa d aDO-SdBNPbspacBNPHU1 aSaurín de la Iglesia, María Rosa.96753610aAntonio, Francisco y Benigno de la iglesia :buna biografía intelectual /cMaría Rosa Saurín de la Iglesia. aSantiago de Compostela, España :bInstituto de Estudios Gallegos "Padre Sarmiento":bConsejo Superior de Investigaciones Científicas,c2003. a251 p. :bil. ;c24 cm.1 aCuadernos de Estudios Gallegos. Anexov30 aIncluye índice aIncluye referencias bibliográficas y notas al pie de las páginas2 aConsejo Superior de Investigaciones Científicas94786 0aCuadernos de Estudios Gallegos. Anexov30967537 001050718MOaGRbGRcCTd2013-09-13iLF1l0o p41044-10r2020-06-25w2020-06-25y1ZNo se presta c40534d40534